| 000 | 00758nam a2200193 i 4500 | ||
|---|---|---|---|
| 001 | 189106 | ||
| 003 | SpMaBN | ||
| 005 | 20230906223359.0 | ||
| 008 | 190329s1921 sp |||| | spa d | ||
| 100 | 1 |
_aSand, George, _d1804-1876 _9103060 |
|
| 245 | 1 | 0 |
_aJuan de la Roca _b: novela / _cGeorge Sand [seud.] ; la traducción del francés ha sido hecha por Gabriel León Trilla. |
| 260 |
_aMadrid : _bCalpe, _c1921 ( _fTipográfica Renovación) |
||
| 300 |
_a294 p. ; _c15 cm. |
||
| 490 | 1 |
_aColección universal ; _v407-409 |
|
| 700 | 1 |
_aLeón Trilla, Gabriel. _971648 |
|
| 830 | 0 |
_aColección universal ; _v407-409 _9181688 |
|
| 852 |
_aES-MaACL _jL-32275 _z. - Donat. herederos de la bibl. de Mª del Pilar Costa Palacín |
||
| 999 |
_c189106 _d189106 |
||